000 00653nam a2200241 i 4500
001 C2-0277340
003 PPAK
005 20180728005415.0
008 070114s1995 nyu |||| ||||| | eng d
020 _a0486289079
040 _aPPAK
_beng
_cPPAK
_erda
082 0 4 _a398.2089975
_223
090 0 0 _a398.2089975
_bMOO
_dLCK
100 1 _aMooney, James,
_eauthor
245 1 0 _aMyths of the cherokee
264 1 _aNew York :
_bDover Publications ,
_c1995
300 _a576 pages ;
_c24 cm
336 _2rdacontent
_atext
337 _2rdamedia
_aunmediated
338 _2rdacarrier
_avolume
650 1 0 _aCherokee Indians - Folkore.
942 _ddc
_cB
999 _c84557
_d84557